000 00286nam a22001217a 4500
003 SGT
082 _a618.2
_bI06P
100 _aPETERSEN, EIKO E.
245 _aINFECTIONS IN OBSTETRICS AND GYNECOLOGY by GANDHI
260 _aNEW YORK
_bTHIEME
_c2006
300 _a2260
942 _2ddc
_cBK
999 _c15028
_d15028